Humanism as a philosophy

Tallennettuna:
Bibliografiset tiedot
Päätekijä: Lamont, Corliss
Aineistotyyppi: Kirja
Kieli:Undetermined
Julkaistu: New York Philosophical Library 1949
Aiheet:
Tagit: Lisää tagi
Ei tageja, Lisää ensimmäinen tagi!
Thư viện lưu trữ: Trung tâm Học liệu Trường Đại học Cần Thơ
LEADER 00465nam a2200181Ia 4500
001 CTU_91171
008 210402s9999 xx 000 0 und d
082 |a 211.6 
082 |b L234 
100 |a Lamont, Corliss 
245 0 |a Humanism as a philosophy 
245 0 |c Corliss Lamont 
260 |a New York 
260 |b Philosophical Library 
260 |c 1949 
650 |a Humanism 
904 |i Nguyên 
980 |a Trung tâm Học liệu Trường Đại học Cần Thơ